Комплексная переработка многокомпонентных жидких систем. Теория и техника управления образованием осадков

Dades bibliogràfiques
Autor principal: Булатов М. А. Михаил Анатольевич
Sumari:Рассмотрена комплексная переработка многокомпонентных жидких систем в химической промышленности и в смежных с ней отраслях. Особое внимание уделено созданию малоотходных технологий и замкнутых систем водопользования. Изложены методы расчета гидромеханического, тепломассообменного и реакционного оборудования, работающего в условиях образования отложений твердой фазы. Обоснованы режимы безнакипных методов и противонакипных способов, позволяющих повышать производительность гидромеханического, тепломассообменного и реакционного оборудования, сократить продолжительность технологического процесса. Приведены расчеты эффективности теплопередачи при накипеобразовании. Для инженерно-технических работников химической промышленности и смежных с ней отраслей, а также для аспирантов и студентов, изучающих процессы водоподготовки.
Idioma:rus
Publicat: Москва, Мир, 2004
Matèries:
Format: MixedMaterials Llibre
KOHA link:https://koha.lib.tpu.ru/cgi-bin/koha/opac-detail.pl?biblionumber=81424

MARC

LEADER 00000nam0a2200000 4500
001 81424
005 20231101213154.0
010 |a 5030035451 
035 |a (RuTPU)RU\TPU\book\87524 
090 |a 81424 
100 |a 20050920d2004 k y0rusy50 ca 
101 0 |a rus 
102 |a RU 
105 |a a z 001zy 
200 1 |a Комплексная переработка многокомпонентных жидких систем. Теория и техника управления образованием осадков  |f М. А. Булатов 
210 |a Москва  |c Мир  |d 2004 
215 |a 302 с.  |c ил. 
320 |a Библиогр.: с. 284-300 
330 |a Рассмотрена комплексная переработка многокомпонентных жидких систем в химической промышленности и в смежных с ней отраслях. Особое внимание уделено созданию малоотходных технологий и замкнутых систем водопользования. Изложены методы расчета гидромеханического, тепломассообменного и реакционного оборудования, работающего в условиях образования отложений твердой фазы. Обоснованы режимы безнакипных методов и противонакипных способов, позволяющих повышать производительность гидромеханического, тепломассообменного и реакционного оборудования, сократить продолжительность технологического процесса. Приведены расчеты эффективности теплопередачи при накипеобразовании. Для инженерно-технических работников химической промышленности и смежных с ней отраслей, а также для аспирантов и студентов, изучающих процессы водоподготовки. 
606 1 |a Гидромеханические процессы  |2 stltpush  |3 (RuTPU)RU\TPU\subj\31556  |9 54382 
606 1 |a Водоснабжение промышленное  |2 stltpush  |3 (RuTPU)RU\TPU\subj\3041  |9 31505 
610 1 |a химическая технология 
610 1 |a жидкие системы 
610 1 |a комплексная переработка 
610 1 |a водопользование 
610 1 |a замкнутые системы 
610 1 |a создание 
610 1 |a малоотходные технологии 
610 1 |a разработка 
610 1 |a теплопередающие поверхности 
610 1 |a твердые осадки 
610 1 |a отложения 
610 1 |a генезис 
610 1 |a образование 
610 1 |a предотвращение 
610 1 |a экстракционная фосфорная кислота 
610 1 |a производство 
610 1 |a ресурсосберегающие технологии 
610 1 |a энергосберегающие технологии 
610 1 |a сточные воды 
610 1 |a твердые отходы 
610 1 |a переработка 
675 |a 66.06  |v 3 
675 |a 628.17  |v 3 
700 1 |a Булатов  |b М. А.  |g Михаил Анатольевич 
801 1 |a RU  |b 63413507  |c 20050920  |g PSBO 
801 2 |a RU  |b 63413507  |c 20141125  |g PSBO 
942 |c BK